000 00501nam a2200181 a 4500
005 20140414131902.0
008 100920s19uu xx 00 eng d
050 _aFIC
_bF95 2007
100 _aFunke, Cornelia Caroline.
245 _aGhosthunters and the muddy monster of doom! /
_cby Cornelia Funke.
250 _a1st American ed.
260 _aNew York :
_bScholastic,
_c2007.
520 _a
650 _aGhosts --Fiction.
650 _aFire --Fiction.
999 _c110695
_d110695